| 000 | 00323nam a22001337a 4500 | ||
|---|---|---|---|
| 020 | _qHB. | ||
| 040 | _cFIZZA ISHAQ | ||
| 082 |
_a005.17 _bADE |
||
| 100 |
_aGOLDPERG, ADEDE. _955521 |
||
| 245 |
_aSUCEEDING WITH OBJECTS / _cADEDE GOLDPERG |
||
| 260 |
_aLONDON : _bWEPLEY CO, _c1995. |
||
| 300 | _a542 P. ; | ||
| 942 |
_2ddc _cBK |
||
| 999 |
_c566364 _d566364 |
||